Briefing Commission for Africa :emerging trends in the negotiations under WTO: Pertinent issues of Concern to African countries :globalization and liberalization of Markets : prospects for African exports (Record no. 83564)

MARC details
000 -LEADER
fixed length control field 00893nam a22002177a 4500
003 - CONTROL NUMBER IDENTIFIER
control field CBULib
005 - DATE AND TIME OF LATEST TRANSACTION
control field 20240528130505.0
008 - FIXED-LENGTH DATA ELEMENTS--GENERAL INFORMATION
fixed length control field 231123b |||||||| |||| 00| 0 eng d
040 ## - CATALOGING SOURCE
Original cataloging agency CBULib
Language of cataloging English
Transcribing agency CBULib
Modifying agency CBULib
Description conventions rda
050 ## - LIBRARY OF CONGRESS CALL NUMBER
Classification number UNECA(08)BSP/1998/02A
110 ## - MAIN ENTRY--CORPORATE NAME
Corporate name or jurisdiction name as entry element United Nations Economic Commissions for Africa (UNECA)
9 (RLIN) 631
245 ## - TITLE STATEMENT
Title Briefing Commission for Africa :emerging trends in the negotiations under WTO: Pertinent issues of Concern to African countries :globalization and liberalization of Markets : prospects for African exports
Statement of responsibility, etc /by United Nations Commission for Africa
260 ## - PUBLICATION, DISTRIBUTION, ETC. (IMPRINT)
Place of publication, distribution, etc Addis Ababa :
Name of publisher, distributor, etc United Nations
Date of publication, distribution, etc 1998
300 ## - PHYSICAL DESCRIPTION
Extent iii,21 pages.
336 ## - CONTENT TYPE
Source rdacontent
Content type term Text |
Content type code txt
337 ## - MEDIA TYPE
Source rdamedia
Media type term Unmediated |
Media type code c
338 ## - CARRIER TYPE
Source rdacarrier
Carrier type term Volume
Carrier type code nc
490 ## - SERIES STATEMENT
Series statement Briefing Paper Series
International Standard Serial Number NO.2
504 ## - BIBLIOGRAPHY, ETC. NOTE
Bibliography, etc includes references
942 ## - ADDED ENTRY ELEMENTS (KOHA)
Source of classification or shelving scheme
Koha item type INTERNATIONAL PUBLICATIONS
Holdings
Withdrawn status Lost status Source of classification or shelving scheme Damaged status Not for loan Collection code Permanent Location Current Location Shelving location Date acquired Source of acquisition Full call number Barcode Date last seen Copy number Price effective from Koha item type
          Special Collections CBU-MAIN LIBRARY, KITWE. CBU-MAIN LIBRARY, KITWE. Special Collections 11/23/2023 DEP-UNECA UNECA(08)BPS/1998/02A 45894 11/23/2023 1 11/23/2023 INTERNATIONAL PUBLICATIONS
          Special Collections CBU-MAIN LIBRARY, KITWE. CBU-MAIN LIBRARY, KITWE. Special Collections 11/23/2023 DEP-UNECA UNECA(08)BPS/1998/02B 45891 11/23/2023 2 11/23/2023 INTERNATIONAL PUBLICATIONS